Take Me Home, Country Roads - Sudden Death - Statistics

General Stats
  • This quiz has been taken 2,441 times
  • The average score is 10 of 22
Answers on the Grid
Answers color-coded by a green-red scale on the quiz's grid according to % correct below.
Almost
Appalachian
Belong
Blue
Bluegrass
Breeze
Charleston
Coal
Country
Dusty
Ear
Eye
Fiddle
Gather
Heaven
Home
Lady
Mama
Memories
Misty
Monongahela
Moonshine
Oceans
Ohio
Panhandle
Papa
Prairie
Radio
Roads
Shenandoah
Smell
Stranger
Taste
Teardrop
War
Yesterday
 
Answer Stats
Answer % Correct
Country
78%
Roads
75%
Home
73%
Almost
72%
Belong
70%
Mama
66%
Heaven
58%
Blue
56%
Shenandoah
51%
Breeze
45%
Yesterday
44%
Misty
40%
Memories
38%
Moonshine
36%
Dusty
34%
Teardrop
34%
Eye
32%
Radio
30%
Lady
28%
Stranger
25%
Gather
23%
Taste
22%
No matching quizzes found
Score Distribution
Percent of People with Each Score
Percentile by Number Answered
Your Score History
You have not taken this quiz